| 000 | 00353cam a2200133ua 4500 | ||
|---|---|---|---|
| 020 | _a8180141128 | ||
| 082 |
_a624.15136 _bARO/SO |
||
| 100 |
_aArora, K.R, _9131 |
||
| 245 | 1 | _aSoil Mechanics and Foundation Engineering (Geotechnical engineering) | |
| 250 | _a7 | ||
| 260 |
_aDelhi _bStandard Publishers Distributors _c2010 |
||
| 300 | _a953 | ||
| 942 | _cBK | ||
| 999 |
_c13609 _d13609 |
||